| 000 | 00899cab a2200289 4500 | ||
|---|---|---|---|
| 001 | ABS57546 | ||
| 008 | 090401t1997 xxu||||| |||| 00| 0 eng d | ||
| 035 | _a(Sirsi) u80215 | ||
| 041 | _aeng | ||
| 100 | _aGell, C | ||
| 245 | _aShocking overheads | ||
| 260 | _c1997 | ||
| 350 | _a0 | ||
| 490 |
_aEstates Gazette _v(9731) 2 August 1997, 93-95(3) |
||
| 520 | _aExplains why valuers need to take into account the presence of electricity power lines when valuing a property. Considers the legal background, planning, wayleaves, compulsory acquisition and compensation. | ||
| 650 | _aCOMPENSATION | ||
| 650 | _aEASEMENTS | ||
| 650 | _aELECTROMAGNETIC FIELDS | ||
| 650 | _aOVERHEAD POWER LINES | ||
| 650 | _aPROPERTY VALUES | ||
| 650 | _aVALUATION ISSUES | ||
| 650 | _aVISUAL IMPACT | ||
| 650 | _aWAYLEAVES | ||
| 690 | _aRATING AND VALUATION | ||
| 942 | _n0 | ||
| 948 | _c11/08/1997 | ||
| 999 |
_c50487 _d50487 |
||